Basic Hindi vocabulary: (Record no. 68033)

MARC details
000 -LEADER
fixed length control field 00781cam a22002651 4500
001 - CONTROL NUMBER
control field sa 66001863
003 - CONTROL NUMBER IDENTIFIER
control field DLC
005 - DATE AND TIME OF LATEST TRANSACTION
control field 20260227112225.0
008 - FIXED-LENGTH DATA ELEMENTS--GENERAL INFORMATION
fixed length control field 790912s1958 ii d 000 0 eng
010 ## - LIBRARY OF CONGRESS CONTROL NUMBER
LC control number sa 66001863
025 ## - OVERSEAS ACQUISITION NUMBER
Overseas acquisition number PL480:I-H-2562
035 ## - SYSTEM CONTROL NUMBER
System control number (OCoLC)5364204
040 ## - CATALOGING SOURCE
Original cataloging agency DLC
Transcribing agency DGU
Modifying agency OCoLC
-- DLC
041 0# - LANGUAGE CODE
Language code of text/sound track or separate title enghin
042 ## - AUTHENTICATION CODE
Authentication code premarc
050 00 - LIBRARY OF CONGRESS CALL NUMBER
Classification number PK1936
Item number .I5
110 1# - MAIN ENTRY--CORPORATE NAME
Corporate name or jurisdiction name as entry element India.
Subordinate unit Ministry of Education.
245 10 - TITLE STATEMENT
Title Basic Hindi vocabulary:
Remainder of title 2000 words.
260 ## - PUBLICATION, DISTRIBUTION, ETC.
Place of publication, distribution, etc. [New Delhi]
Date of publication, distribution, etc. 1958.
300 ## - PHYSICAL DESCRIPTION
Extent iv, 70 p.
Dimensions 22 cm.
490 1# - SERIES STATEMENT
Series statement Its Publication,
Volume/sequential designation no. 346
650 #0 - SUBJECT ADDED ENTRY--TOPICAL TERM
Topical term or geographic name entry element Hindi language
General subdivision Dictionaries
-- English.
650 #0 - SUBJECT ADDED ENTRY--TOPICAL TERM
Topical term or geographic name entry element Hindi language
General subdivision Glossaries, vocabularies, etc.
810 1# - SERIES ADDED ENTRY--CORPORATE NAME
Corporate name or jurisdiction name as entry element India.
Subordinate unit Ministry of Education.
Title of a work Publication,
Volume/sequential designation no. 346.

No items available.

Powered by Koha